ARRUPE JESUIT UNIVERSITY

CORONAVIRUS -STOP THE SPREAD - CLEAN,DISINFECT,COVER

Called to one hope : (Record no. 128570)

MARC details
000 -LEADER
fixed length control field 00889cam a22002297a 4500
001 - CONTROL NUMBER
control field 170367
003 - CONTROL NUMBER IDENTIFIER
control field ARRUPE
005 - DATE AND TIME OF LATEST TRANSACTION
control field 20181116124023.0
008 - FIXED-LENGTH DATA ELEMENTS--GENERAL INFORMATION
fixed length control field 980805s1998 sz a b 100 0 eng
010 ## - LIBRARY OF CONGRESS CONTROL NUMBER
LC control number 98179865
020 ## - INTERNATIONAL STANDARD BOOK NUMBER
International Standard Book Number 282541235X
040 ## - CATALOGING SOURCE
Original cataloging agency DLC
Transcribing agency DLC
050 00 - LIBRARY OF CONGRESS CALL NUMBER
Classification number BR115.C8
Item number C157
300 ## - PHYSICAL DESCRIPTION
Other physical details ill. ;
Dimensions 21 cm.
245 00 - TITLE STATEMENT
Title Called to one hope :
Remainder of title the Gospel in diverse cultures /
Statement of responsibility, etc edited by Christopher Duraisingh.
260 ## - PUBLICATION, DISTRIBUTION, ETC. (IMPRINT)
Place of publication, distribution, etc Geneva :
Name of publisher, distributor, etc WCC Publications,
Date of publication, distribution, etc c1998.
300 ## - PHYSICAL DESCRIPTION
Extent xiv, 234 p. :
500 ## - GENERAL NOTE
General note Based on the 11th ecumenical conference on world mission and evangelism, Salvador, Bahia, Brazil, Nov. 24 to Dec. 3, 1996.
504 ## - BIBLIOGRAPHY, ETC. NOTE
Bibliography, etc Includes bibliographical references.
650 ## - SUBJECT ADDED ENTRY--TOPICAL TERM
Topical term or geographic name as entry element Christianity and culture
9 (RLIN) 43457
700 1# - ADDED ENTRY--PERSONAL NAME
Personal name Duraisingh, Christopher.
9 (RLIN) 43458
Relator term tr.
906 ## - LOCAL DATA ELEMENT F, LDF (RLIN)
a 7
b cbc
c orignew
d 3
e ncip
f 19
g y-gencatlg
942 ## - ADDED ENTRY ELEMENTS (KOHA)
Source of classification or shelving scheme Library of Congress Classification
Koha item type Monograph ( Printed materials)
Holdings
Withdrawn status Lost status Source of classification or shelving scheme Damaged status Not for loan Collection code Home library Current library Shelving location Date acquired Total Checkouts Full call number Barcode Date last seen Price effective from Koha item type
    Library of Congress Classification     Main Collection ARRUPE LIBRARY ARRUPE LIBRARY Main Collection 15/11/2018   BR115.C8 C157 46600002577 15/11/2018 15/11/2018 Monograph ( Printed materials)

 

Arrupe Library. PO Box MP320 Mt Pleasant, Harare, Zimbabwe
263 242 745411|librarian@aju.ac.zw